Creative world of paper folding Bk. 3: (Record no. 112977)
[ view plain ]
| 000 -LEADER | |
|---|---|
| fixed length control field | 00364nam a2200133 a 4500 |
| 001 - CONTROL NUMBER | |
| control field | 4140 |
| 005 - DATE AND TIME OF LATEST TRANSACTION | |
| control field | 20140414131957.0 |
| 008 - FIXED-LENGTH DATA ELEMENTS--GENERAL INFORMATION | |
| fixed length control field | 090218s19uu xx 00 eng d |
| 050 ## - LIBRARY OF CONGRESS CALL NUMBER | |
| Classification number | TR 736.98 |
| Item number | M31 2006 |
| 100 ## - MAIN ENTRY--PERSONAL NAME | |
| Personal name | Mankoo, Gurinder Pal Singh |
| 245 ## - TITLE STATEMENT | |
| Title | Creative world of paper folding Bk. 3: |
| Remainder of title | origami projects. |
| 440 ## - SERIES STATEMENT/ADDED ENTRY--TITLE | |
| Title | Dreamland. Bk. 3 |
| Withdrawn status | Lost status | Damaged status | Use restrictions | Home library | Current library | Shelving location | Date acquired | Source of acquisition | Total Checkouts | Full call number | Barcode | Date last seen | Price effective from | Koha item type |
|---|---|---|---|---|---|---|---|---|---|---|---|---|---|---|
| Munich Library | Munich Library | Teachers Reference Section | 02/18/2009 | TR 736.98 M31 2006 | M4405 | 04/14/2014 | 04/14/2014 | Books |